F baby names (England and Wales) Quiz Stats

Quiz not verified by Sporcle

Challenge
Share
Tweet
Embed
Score 0/64 Timer 20:00
0 Plays Today
% Correct
Fred
95.3%
Frank
93.7%
Frances
93.7%
Francis
91.1%
Frederick
85.3%
Fiona
82.1%
Frederic
81.6%
Freddie
78.9%
Francesca
77.4%
Frankie
74.2%
Frankie
74.2%
Florence
73.2%
Flora
68.9%
Freddy
68.4%
Finn
67.9%
Fay
64.7%
Faith
63.7%
Felicity
63.7%
Freya
58.4%
Faye
57.4%
Felix
51.1%
Fern
48.4%
Finley
47.4%
Fatima
45.8%
Finlay
45.3%
Farrah
45.3%
Franklin
41.6%
Franky
41.6%
Flynn
40%
Filip
38.9%
Fabian
38.4%
Farah
35.3%
% Correct
Fabio
31.6%
Ffion
30.5%
Fleur
27.9%
Fergus
22.6%
Finnley
21.1%
Francesco
18.4%
Fenton
18.4%
Fraser
16.8%
Fynn
15.8%
Fearne
15.8%
Frazer
14.7%
Fatimah
14.7%
Freyja
11.1%
Faris
10.5%
7.9%
7.9%
7.9%
7.9%
7.9%
7.9%
7.9%
Fintan
4.2%
Faiza
3.7%
Faizan
2.6%
Favour
2.6%
Farhan
2.1%
Franciszek
2.1%
Fahad
2.1%
Fiza
2.1%
Falak
0.5%
Fathima
0.5%
Faizaan
0%

You're not logged in!

Compare scores with friends on all Sporcle quizzes.
Join for Free
OR
Log In

You Might Also Like...

Show Comments

Extras

Top Quizzes Today


Score Distribution

Your Account Isn't Verified!

In order to create a playlist on Sporcle, you need to verify the email address you used during registration. Go to your Sporcle Settings to finish the process.

Report this User

Report this user for behavior that violates our Community Guidelines.

Details: